[Event "Match"]
[Site "www.echecsemail.com"]
[Date "2016.01.02"]
[Round "1"]
[White "Jhw"]
[Black "Add"]
[WhiteElo "1960"]
[BlackElo "1980"]
[Result "0-1"]
[Round "1"]
1.d4 d5
2.h4 h6
3.c3 Ng8f6
4.a4 a5
5.Nb1a3 c6
6.Bc1f4 e6
7.Ng1f3 Bf8d6
8.Bf4xd6 Qd8xd6
9.e3 Nb8d7
10.Bf1d3 Nf6e4
11.Bd3xe4 dxe4
12.Nf3d2 Nd7f6
13.Na3c4 Qd6d8
14.Nc4e5 Qd8d6
15.f3 exf3
16.Nd2xf3 Qd6d5
17.c4 Qd5e4
18.Qd1e2 Nf6h5
19.g4 Nh5g3
{ resign }
0-1

[Event "Match"]
[Site "www.echecsemail.com"]
[Date "2016.01.02"]
[Round "1"]
[White "Whitekknight"]
[Black "Ditto"]
[WhiteElo "1920"]
[BlackElo "1810"]
[Result "1-0"]
[Round "1"]
1.e4 e5
2.Ng1f3 Nb8c6
3.Bf1c4 Ng8f6
4.Nf3g5 d5
5.exd5 Nc6d4
6.Nb1c3 Bf8c5
7.d3 Bc8g4
8.Ng5f3 O-O
9.h3 Bg4h5
10.g4 Bh5g6
11.Nf3xd4 Bc5xd4
12.Qd1d2 Nf6d7
13.Nc3e2 Bd4c5
14.Qd2c3 Rf8e8
15.Bc1e3 Bc5d6
16.O-O-O a5
17.a3 e4
18.Ne2f4 Bd6e5
19.d4 Be5f6
20.h4 Bf6xh4
21.Nf4xg6 fxg6
22.d6 Kh8
23.dxc7 Qd8e7
24.Bc4d5 Qe7d6
{ time. }
1-0

[Event "Match"]
[Site "www.echecsemail.com"]
[Date "2016.01.02"]
[Round "1"]
[White "Irene"]
[Black "Lino"]
[WhiteElo "2030"]
[BlackElo "1799"]
[Result "0-1"]
[Round "1"]
1.d4 f5
2.Nb1c3 Ng8f6
3.e3 e6
4.Bf1e2 d5
5.Be2h5 Nf6xh5
6.Qd1xh5 g6
7.Qh5f3 c5
8.Qf3f4 Nb8c6
9.Ng1f3 Bf8g7
10.Nc3b5 O-O
11.O-O a6
12.Nb5c7 e5
13.Nc7e6 Bc8xe6
14.Nf3xe5 Nc6xe5
15.dxe5 Qd8c7
16.g3 Qc7xe5
17.Qf4h4 Ra8d8
18.Bc1d2 Qe5f6
19.Qh4xf6 Bg7xf6
20.Bd2a5 Rd8d7
21.Ra1b1 Rf8c8
22.b3 b5
23.Ba5d2 d4
24.Rf1e1 Be6f7
25.Rb1d1 d3
26.cxd3 Rd7xd3
27.Bd2a5 Rd3xd1
28.Re1xd1 c4
29.bxc4 bxc4
30.Rd1d6 Kg7
31.Rd6xa6 c3
32.Ba5xc3 Rc8xc3
33.a4 Rc3c1
34.Kg2 Bf7d5
35.Kh3 Rc1g1
36.g4 Rg1xg4
37.Ra6a7 Kh6
38.f3 Bd5xf3
39.Ra7f7 Bf3g2
{ resign }
0-1

[Event "Match"]
[Site "www.echecsemail.com"]
[Date "2016.01.02"]
[Round "1"]
[White "Forest"]
[Black "Libiesse"]
[WhiteElo "1570"]
[BlackElo "1980"]
[Result "1/2-1/2"]
[Round "1"]
1.d4 d5
2.Bc1f4 Ng8f6
3.e3 e6
4.Ng1f3 c5
5.c3 cxd4
6.exd4 b6
7.Bf1b5 Bc8d7
8.Bb5xd7 Nb8xd7
9.O-O Ra8c8
10.Nb1d2 Bf8e7
11.Rf1e1 O-O
12.Nf3e5 Nd7xe5
13.Bf4xe5 Be7d6
14.Nd2f3 Bd6xe5
15.Nf3xe5 Nf6d7
16.Qd1e2 Nd7xe5
17.Qe2xe5 Qd8c7
18.Qe5xc7 Rc8xc7
19.Ra1d1 { draw }
1/2-1/2

[Event "Match"]
[Site "www.echecsemail.com"]
[Date "2016.01.02"]
[Round "1"]
[White "Ditto"]
[Black "Jhw"]
[WhiteElo "1810"]
[BlackElo "1970"]
[Result "1/2-1/2"]
[Round "1"]
1.e4 e5
2.Ng1f3 Qd8e7
3.Bf1c4 c5
4.Nb1c3 h6
5.d3 a6
6.Nc3d5 Qe7d6
7.O-O b5
8.Bc4b3 Bc8b7
9.a3 Bb7xd5
10.Bb3xd5 Nb8c6
11.c3 Ra8c8
12.Nf3h4 g6
13.Nh4f3 Ng8f6
14.Bd5b3 Bf8e7
15.Bc1e3 O-O
{ draw }
1/2-1/2

[Event "Match"]
[Site "www.echecsemail.com"]
[Date "2016.01.02"]
[Round "1"]
[White "Jhw"]
[Black "Irene"]
[WhiteElo "2099"]
[BlackElo "2000"]
[Result "0-1"]
[Round "1"]
1.Ng1f3 d5
2.e3 Ng8f6
3.d4 e6
4.c4 dxc4
5.Bf1xc4 Bf8b4
6.Nb1d2 O-O
7.a3 Bb4d6
8.b4 Bc8d7
9.Bc1b2 Nb8c6
10.Bb2c3 Nc6e7
11.Qd1c2 Bd7c6
12.O-O-O Nf6g4
13.Rd1f1 Qd8d7
14.h3 Ng4f6
15.g4 Bc6a4
16.Bc4b3 Ba4b5
17.Rf1e1 b6
18.e4 Bd6f4
19.d5 exd5
20.Bc3xf6 gxf6
21.exd5 Ne7xd5
22.Nf3d4 Nd5xb4
23.axb4 Qd7xd4
24.Re1d1 Qd4xb4
25.Rh1e1 Ra8d8
26.Re1e4 Qb4a3
27.Kb1 Bb5d3
28.Re4xf4 Bd3xc2
29.Bb3xc2 Rd8d6
30.Rf4a4 Qa3c3
31.Nd2e4 Rd6xd1
32.Bc2xd1 Qc3d3
33.Bd1c2 Qd3f1
34.Ka2 a5
35.Ne4xf6 Kg7
36.g5 Qf1xh3
37.Bc2xh7 Qh3e6
38.Ka3 Qe6d6
39.Kb3 Qd6d1
40.Bh7c2 Qd1f3
41.Kb2 Qf3xf2
42.Nf6g4 Qf2g3
43.Ra4e4 c5
44.g6 f5
45.Re4e7 Kxg6
46.Re7e6 Kg5
47.Ng4h6 Qg3c7
48.Kb3 c4
49.Kc3 b5
50.Kd4 c3
51.Re6e1 Qc7c4
{ resign }
0-1

[Event "Match"]
[Site "www.echecsemail.com"]
[Date "2016.01.02"]
[Round "1"]
[White "Crush"]
[Black "Jackbauer"]
[WhiteElo "1580"]
[BlackElo "1399"]
[Result "1-0"]
[Round "1"]
1.e4 c5
2.Nb1c3 e6
3.d3 Nb8c6
4.Ng1f3 h6
5.g3 a6
6.Bf1g2 b5
7.O-O e5
8.Bc1e3 Ng8f6
9.Nc3d5 Nf6g4
10.h3 Ng4xe3
11.fxe3 d6
12.d4 Nc6e7
13.dxc5 Ne7g6
14.cxd6 Qd8xd6
15.b3 Ng6e7
16.Nf3h4 Bc8b7
17.Qd1f3 Bb7xd5
18.exd5 f6
19.Nh4f5 Ne7xf5
20.Qf3xf5 Ra8a7
21.Qf5g6 Ke7
22.c4 Qd6c5
23.Ra1e1 bxc4
24.bxc4 Ra7d7
25.Qg6e4 Rd7d6
26.Re1c1 g5
27.Qe4g6 Qc5xe3
28.Kh2 a5
29.Rc1e1 Qe3c3
30.Re1b1 Rd6d7
31.Qg6xf6 Ke8
32.Qf6xh8 Rd7f7
33.Rb1b8 Ke7
34.Rb8b7 { resign }
1-0

[Event "Match"]
[Site "www.echecsemail.com"]
[Date "2016.01.02"]
[Round "1"]
[White "Whitekknight"]
[Black "Jhw"]
[WhiteElo "1880"]
[BlackElo "2040"]
[Result "1/2-1/2"]
[Round "1"]
1.e4 e5
2.Ng1f3 Nb8c6
3.Bf1c4 Ng8f6
4.Nf3g5 d5
5.exd5 Nf6xd5
6.d3 Bf8e7
7.Ng5f3 Bc8g4
8.Nb1d2 Nd5f4
9.O-O Qd8d7
10.h3 Bg4xh3
11.Nd2e4 Bh3xg2
12.Bc1xf4 Bg2xf1
13.Nf3xe5 Nc6xe5
14.Bf4xe5 Bf1h3
15.Be5g3 b5
16.Bc4b3 a5
17.a4 Qd7f5
18.axb5 O-O
{ draw }
1/2-1/2

[Event "Match"]
[Site "www.echecsemail.com"]
[Date "2016.01.02"]
[Round "1"]
[White "Tonino1"]
[Black "Whitekknight"]
[WhiteElo "1990"]
[BlackElo "1910"]
[Result "1-0"]
[Round "1"]
1.d4 d5
2.Ng1f3 Ng8f6
3.e3 e6
4.Bf1d3 Bf8d6
5.b3 Nb8c6
6.Bc1b2 O-O
7.Nf3e5 Nc6xe5
8.dxe5 Nf6e4
9.exd6 Ne4xd6
10.O-O Qd8e7
11.Nb1d2 h6
12.f4 f5
13.Nd2f3 Nd6f7
14.Nf3e5 Nf7xe5
15.Bb2xe5 c6
16.Rf1f3 Rf8f7
17.Rf3h3 Kh7
18.g4 Kg8
19.gxf5 exf5
20.Qd1h5 Kh7
21.Kf2 Bc8d7
22.Ra1g1 Qe7e6
23.Rh3g3 Ra8g8
24.Rg3g6 Qe6e7
25.Rg6d6 Rg8h8
26.Rd6xh6 { resign }
1-0

[Event "1/128 Finale"]
[Site "www.chess-mail.com"]
[Date "2016.01.02"]
[Round "1"]
[White "Chesspower"]
[Black "Roque1"]
[WhiteElo "1600"]
[BlackElo "1560"]
[Result "1/2-1/2"]
[Round "1"]
1.d4 d5
2.c4 e6
3.Nb1c3 Ng8f6
4.cxd5 Nf6xd5
5.Ng1f3 Bf8b4
6.Bc1d2 Nb8c6
7.e3 O-O
8.Bf1e2 Nd5f6
9.O-O b6
10.Ra1c1 Nc6e7
11.Nf3e5 Nf6d5
12.Nc3xd5 Ne7xd5
13.Ne5c6 Qd8d6
14.Nc6xb4 Nd5xb4
15.a3 Nb4d5
16.Be2f3 c6
17.Bf3xd5 exd5
18.Bd2b4 Qd6g6
19.Bb4xf8 Bc8h3
20.Qd1f3 Bh3g4
21.Qf3g3 Ra8xf8
22.h3 Bg4e2
23.Qg3xg6 hxg6
24.Rf1e1 Be2b5
25.b3 Rf8c8
26.Rc1c3 Kf8
27.a4 Bb5a6
28.Re1c1 Ba6b7
29.b4 Ke7
30.b5 Kd6
31.g3 c5
32.dxc5 bxc5
33.f3 c4
{ draw }
1/2-1/2

[Event "1/128 Finale"]
[Site "www.chess-mail.com"]
[Date "2016.01.02"]
[Round "1"]
[White "Panham"]
[Black "Chesspower"]
[WhiteElo "2190"]
[BlackElo "1600"]
[Result "1/2-1/2"]
[Round "1"]
1.e4 c5
2.Ng1f3 Nb8c6
3.Bf1b5 a6
4.Bb5xc6 dxc6
5.O-O Bc8g4
6.d3 e6
7.Bc1e3 Qd8c7
8.Nb1d2 Ng8f6
9.h3 Bg4h5
10.Qd1e1 Bf8e7
11.Nd2c4 Bh5xf3
12.gxf3 b5
13.Nc4a5 O-O
14.a4 Rf8d8
15.Na5b3 Nf6d7
16.f4 Qc7b6
17.Kh1 b4
18.f5 exf5
19.Rf1g1 fxe4
20.dxe4 Qb6b7
21.Be3h6 g6
22.e5 Be7f8
23.Bh6xf8 Nd7xf8
24.Nb3xc5 Qb7e7
25.Qe1e3 Rd8d5
26.Nc5d3 Nf8d7
27.Ra1e1 Ra8e8
28.f4 a5
29.Rg1g5 f6
30.Rg5g3 fxe5
31.fxe5 Nd7xe5
{ draw }
1/2-1/2

[Event "1/128 Finale"]
[Site "www.chess-mail.com"]
[Date "2016.01.02"]
[Round "1"]
[White "Powerchess"]
[Black "Julian"]
[WhiteElo "1390"]
[BlackElo "1820"]
[Result "0-1"]
[Round "1"]
1.d4 Ng8f6
2.c4 g6
3.Nb1c3 d6
4.e4 Bf8g7
5.h3 O-O
6.Bc1e3 c6
7.Ng1f3 Qd8c7
8.Bf1e2 e5
9.dxe5 dxe5
10.Qd1c2 Bc8e6
11.O-O Nb8d7
12.Ra1d1 Ra8d8
13.b4 a5
14.a3 axb4
15.axb4 Nd7b6
16.Be3xb6 Qc7xb6
17.Qc2b2 Rd8xd1
18.Rf1xd1 Nf6d7
19.Rd1a1 Nd7c5
20.Ra1b1 Nc5d7
21.c5 Qb6c7
22.Rb1c1 f5
23.Nf3g5 Be6f7
24.Ng5xf7 Kxf7
25.Be2c4 Ke7
26.Rc1d1 Rf8d8
27.Rd1d6 Nd7f8
28.Rd6xd8 Qc7xd8
29.Qb2e2 Qd8d4
30.Qe2d3 Nf8e6
31.Qd3xd4 exd4
32.Bc4xe6 Kxe6
33.exf5 gxf5
34.Nc3d1 Kd5
35.Kf1 Kc4
{ resign }
0-1

[Event "Tourn. n8554"]
[Site "www.chess-mail.com"]
[Date "2016.01.03"]
[Round "1"]
[White "Attatroll"]
[Black "Snoopy"]
[WhiteElo "1890"]
[BlackElo "1699"]
[Result "0-1"]
[Round "1"]
1.e4 b6
2.d4 Bc8b7
3.Nb1c3 e6
4.f3 Bf8b4
5.Bf1d3 Ng8f6
6.Ng1e2 O-O
7.O-O c5
8.a3 Bb4xc3
9.bxc3 Qd8c7
10.Bc1f4 d6
11.Ra1b1 e5
12.Bf4e3 c4
13.dxe5 cxd3
14.exd6 dxe2
15.dxc7 exd1Q
16.cxb8Q Qd1xf1
{ resign }
0-1

[Event "Tourn. n8535"]
[Site "www.chess-mail.com"]
[Date "2016.01.03"]
[Round "1"]
[White "Mrmoto"]
[Black "Passaroa25"]
[WhiteElo "1530"]
[BlackElo "1650"]
[Result "1/2-1/2"]
[Round "1"]
1.e4 c6
2.d4 d6
3.c4 f6
4.h3 Bc8e6
5.Ng1f3 Be6f7
6.b3 e6
7.a3 Ng8e7
8.Nb1c3 Nb8d7
9.Bf1d3 Ne7g6
10.Bc1e3 Bf8e7
11.Qd1c2 Qd8c7
12.O-O O-O
13.b4 Rf8b8
14.Rf1b1 e5
15.d5 Kf8
16.Qc2a2 { draw }
1/2-1/2

[Event "Tourn. n8466"]
[Site "www.chess-mail.com"]
[Date "2016.01.03"]
[Round "1"]
[White "Comrade"]
[Black "Paes19"]
[WhiteElo "2060"]
[BlackElo "1990"]
[Result "0-1"]
[Round "1"]
1.c4 c5
2.Nb1c3 e6
3.g3 Ng8f6
4.Bf1g2 Nb8c6
5.e3 Bf8e7
6.Ng1e2 d5
7.cxd5 Nf6xd5
8.Nc3xd5 exd5
9.d4 c4
10.Ne2f4 Bc8e6
11.O-O O-O
12.b3 Be7g5
13.Nf4xe6 fxe6
14.bxc4 dxc4
15.Qd1a4 Ra8c8
16.Qa4xc4 Rf8f6
17.Bg2h3 Qd8e8
18.d5 Nc6e5
19.Qc4e2 Ne5f3
20.Kg2 Qe8h5
21.Bh3xe6 Kh8
22.h3 Nf3h4
23.gxh4 Qh5xe2
24.hxg5 Rf6xe6
25.dxe6 Rc8e8
26.Rf1d1 Qe2xd1
{ resign }
0-1

[Event "Tourn. n8497"]
[Site "www.chess-mail.com"]
[Date "2016.01.03"]
[Round "1"]
[White "Comrade"]
[Black "Neo"]
[WhiteElo "2050"]
[BlackElo "1890"]
[Result "1-0"]
[Round "1"]
1.c4 c6
2.d4 e6
3.Nb1c3 d5
4.e3 h6
5.Bf1d3 Ng8f6
6.Ng1e2 Bf8b4
7.Bc1d2 Nf6e4
8.Bd3xe4 dxe4
9.Nc3xe4 Bb4xd2
10.Qd1xd2 O-O
11.O-O Nb8d7
12.Ne4d6 Nd7f6
13.c5 b6
14.b4 Bc8a6
15.Rf1e1 Nf6d5
16.e4 Nd5e7
17.Ne2c3 Ne7c8
18.e5 Nc8xd6
19.exd6 b5
20.a4 bxa4
21.Ra1xa4 Ba6b5
22.Nc3xb5 cxb5
23.Ra4a5 a6
24.Re1a1 Qd8f6
25.Ra5xa6 Ra8xa6
26.Ra1xa6 Rf8b8
27.c6 Qf6g6
28.h3 Qg6b1
29.Kh2 Qb1e4
30.c7 Rb8f8
31.d7 Qe4b7
32.d8Q Rf8xd8
33.cxd8Q Kh7
34.Ra6a8 Qb7xa8
35.Qd8xa8 { resign }
1-0

[Event "Tourn. n8546"]
[Site "www.chess-mail.com"]
[Date "2016.01.03"]
[Round "1"]
[White "Faerieking"]
[Black "Manolinex"]
[WhiteElo "2260"]
[BlackElo "2890"]
[Result "0-1"]
[Round "1"]
1.e4 c5
2.d4 cxd4
3.c3 dxc3
4.Bf1c4 cxb2
5.Bc1xb2 e6
6.Ng1e2 d6
7.O-O Ng8f6
8.Nb1c3 a6
9.a4 Bf8e7
10.Qd1c2 O-O
11.f3 Nb8c6
12.Kh1 Nf6d7
13.Rf1d1 Qd8c7
{ resign }
0-1

[Event "Tourn. n8453"]
[Site "www.chess-mail.com"]
[Date "2016.01.03"]
[Round "1"]
[White "Attatroll"]
[Black "Andychesston"]
[WhiteElo "1930"]
[BlackElo "2000"]
[Result "1-0"]
[Round "1"]
1.d4 d5
2.Ng1f3 Ng8f6
3.c4 e6
4.Bc1g5 Bf8b4
5.Nb1c3 O-O
6.e3 Nb8d7
7.c5 a6
8.Bf1d3 h6
9.Bg5h4 c6
10.O-O b5
11.a3 Bb4a5
12.b4 Ba5c7
13.a4 e5
14.Bd3f5 Rf8e8
15.axb5 exd4
16.exd4 Nd7f8
17.Bf5xc8 Qd8xc8
18.Bh4xf6 gxf6
19.bxc6 Nf8h7
20.Nc3xd5 Kh8
21.b5 Qc8d8
22.Qd1b3 Bc7f4
23.Nd5xf4 Re8e4
24.Nf4d5 f5
25.Nf3e5 Qd8g8
26.Nd5e7 Qg8e8
27.Ne5xf7 Kg7
28.Ne7xf5 Kg6
29.Nf7xh6 Nh7g5
30.b6 Qe8xc6
31.h4 Ng5e6
32.h5 Kxh5
33.Qb3h3 Kg5
34.Nh6f7 Kf6
35.Nf7d6 Ra8g8
36.Nd6xe4 Qc6xe4
37.Nf5g3 Qe4xd4
38.Rf1e1 Ne6f4
39.Qh3f5 Kg7
40.Re1e7 Kh6
41.Re7h7 
1-0

[Event "Tourn. n8510"]
[Site "www.chess-mail.com"]
[Date "2016.01.03"]
[Round "1"]
[White "Heiserman"]
[Black "Terrible"]
[WhiteElo "2150"]
[BlackElo "2290"]
[Result "1-0"]
[Round "1"]
1.c4 e6
2.Nb1c3 d5
3.cxd5 exd5
4.d4 c6
5.e4 dxe4
6.Nc3xe4 Bf8b4
7.Ne4c3 Ng8f6
8.Ng1f3 O-O
9.Bf1e2 Nf6e4
10.Qd1c2 Bc8f5
11.Be2d3 Ne4xc3
12.bxc3 Rf8e8
13.Bc1e3 Bf5xd3
14.Qc2xd3 Bb4d6
15.O-O h6
16.Ra1b1 Qd8c7
17.h3 Nb8d7
18.c4 Ra8c8
19.c5 Bd6f4
20.Be3xf4 Qc7xf4
21.Rb1xb7 Rc8d8
22.Qd3a6 { resign }
1-0

[Event "Tourn. n8431"]
[Site "www.chess-mail.com"]
[Date "2016.01.03"]
[Round "1"]
[White "Cathar"]
[Black "Madz123456"]
[WhiteElo "2250"]
[BlackElo "2410"]
[Result "1-0"]
[Round "1"]
1.Ng1f3 d5
2.c4 dxc4
3.e3 Ng8f6
4.Bf1xc4 a6
5.O-O e6
6.Qd1e2 b5
7.Bc4b3 Bc8b7
8.Rf1d1 c5
9.a4 b4
10.d3 Nb8c6
11.Nb1d2 Bf8e7
12.Nd2c4 Qd8c7
13.e4 O-O
14.h3 Nf6d7
15.Bc1e3 Be7f6
16.Ra1c1 Ra8c8
17.g3 h6
18.Be3f4 e5
19.Bf4d2 Rf8d8
20.Nc4e3 Nc6a5
21.Bb3a2 Bb7c6
22.Rc1a1 Rc8b8
23.Ne3c4 Na5xc4
24.Ba2xc4 Nd7b6
25.Bc4b3 Qc7d7
26.a5 Qd7xd3
27.Qe2xd3 Rd8xd3
28.Bb3c2  { time }
1-0

[Event "Tourn. n8482"]
[Site "www.chess-mail.com"]
[Date "2016.01.03"]
[Round "1"]
[White "Robert66"]
[Black "Geretree"]
[WhiteElo "1920"]
[BlackElo "1950"]
[Result "1-0"]
[Round "1"]
1.c4 Ng8f6
2.d4 d5
3.cxd5 Nf6xd5
4.e4 Nd5b6
5.Ng1f3 Bc8g4
6.Bf1e2 Nb8c6
7.Bc1e3 Bg4xf3
8.Be2xf3 e5
9.d5 Bf8b4
10.Nb1c3 Nc6e7
11.O-O Bb4xc3
12.bxc3 Nb6c4
13.Be3g5 f6
14.Bg5c1 Qd8d7
15.Qd1b3 Nc4a5
16.Qb3b4 b6
17.Bc1a3 c5
18.Qb4b1 Na5c4
19.Ba3c1 Ne7g6
20.Qb1d3 Nc4d6
21.Bc1a3 Qd7a4
22.Ba3c1 Qa4c4
23.Qd3xc4 Nd6xc4
24.g3 O-O
25.Bf3e2 Nc4d6
26.f3 c4
27.Bc1a3 Rf8d8
28.Ba3xd6 Rd8xd6
29.Be2xc4 Ng6f8
30.Bc4b5 Ra8c8
31.c4 Rc8c5
32.a4 Nf8d7
33.Rf1c1 Nd7b8
34.a5 a6
35.Bb5c6 Nb8xc6
36.dxc6 Rc5xc6
37.axb6 Rc6c8
38.c5 Rd6c6
39.Ra1xa6 Rc6xc5
40.Rc1xc5 Rc8xc5
41.b7 Rc5b5
42.Ra6a8 { resign }
1-0

[Event "Tourn. n8431"]
[Site "www.chess-mail.com"]
[Date "2016.01.03"]
[Round "1"]
[White "Madz123456"]
[Black "Darko10"]
[WhiteElo "2410"]
[BlackElo "2500"]
[Result "0-1"]
[Round "1"]
1.e4 g6
2.d4 Bf8g7
3.Nb1c3 a6
4.g3 d6
5.Bf1g2 Ng8f6
6.f4 O-O
7.Ng1e2 Nb8c6
8.e5 Nf6d7
9.h4 Nd7b6
10.h5 Bc8g4
11.hxg6 fxg6
12.Bc1e3 Qd8e8
13.Rh1h4 h5
14.Rh4xg4 hxg4
15.Ne2c1 Ra8d8
16.Qd1e2 Qe8f7
17.Nc1d3 dxe5
18.dxe5 Nb6c4
19.O-O-O Nc4xe3
20.Qe2xe3 Nc6d4
21.Bg2xb7 Qf7c4
22.Bb7e4 Kf7
23.Kb1 e6
24.Qe3e1 Nd4f5
25.a3 a5
26.Be4g2 Qc4d4
27.Nd3f2 Qd4b6
28.Nf2xg4 Rd8xd1
29.Qe1xd1 Rf8b8
 { time }
0-1

[Event "Tourn. n8408"]
[Site "www.chess-mail.com"]
[Date "2016.01.03"]
[Round "1"]
[White "Aperturaf"]
[Black "Madz123456"]
[WhiteElo "2390"]
[BlackElo "2380"]
[Result "1-0"]
[Round "1"]
1.e4 c5
2.Ng1f3 e6
3.c3 Ng8f6
4.e5 Nf6d5
5.Bf1c4 d6
6.d4 Nd5b6
7.Bc4d3 cxd4
8.cxd4 Nb8c6
9.O-O Nc6b4
10.Bd3e2 Bf8e7
11.Nb1c3 O-O
12.a3 Nb4d5
13.Nc3e4 dxe5
14.dxe5 Bc8d7
15.Qd1d3 a6
16.Nf3d4 Ra8c8
17.b3 f5
18.Ne4g3 Qd8c7
19.Nd4f3 Nd5c3
20.a4 Rf8d8
21.Bc1b2 Be7b4
22.Qd3d4 Bb4a5
23.Rf1c1 Bd7e8
24.Qd4e3 Nb6d5
25.Qe3g5 Qc7b6
26.Be2c4 h6
27.Qg5h4 Be8f7
28.Rc1c2 Bf7g6
29.Ng3e2 Nc3xe2
30.Rc2xe2 Bg6f7
31.Re2c2 Nd5b4
32.Rc2e2  { time }
1-0

[Event "Tourn. n8488"]
[Site "www.chess-mail.com"]
[Date "2016.01.03"]
[Round "1"]
[White "Avg"]
[Black "Hansen"]
[WhiteElo "1499"]
[BlackElo "1480"]
[Result "1-0"]
[Round "1"]
1.f4 e6
2.Ng1f3 Bf8c5
3.d4 Bc5d6
4.g3 Nb8c6
5.Bf1g2 Qd8f6
6.e4 e5
7.dxe5 Qf6e6
8.exd6 cxd6
9.Nb1c3 a6
10.Nc3d5 Ra8b8
11.Nd5c7 Ke7
12.Nc7xe6 dxe6
13.e5 d5
14.c4 b5
15.cxd5 Nc6b4
16.dxe6 Bc8xe6
17.Qd1d6 Ke8
18.Qd6xb8 Ke7
19.Nf3d4 Be6d7
20.Bc1d2 Nb4d3
21.Ke2 Nd3xb2
22.Bd2b4 
1-0

[Event "Tourn. n8460"]
[Site "www.chess-mail.com"]
[Date "2016.01.03"]
[Round "1"]
[White "Passaroa25"]
[Black "Dulap"]
[WhiteElo "1650"]
[BlackElo "1689"]
[Result "0-1"]
[Round "1"]
1.e4 e5
2.Ng1e2 Ng8f6
3.Ne2g3 Nb8c6
4.c3 Bf8e7
5.Bf1e2 d6
6.d3 O-O
7.f3 d5
8.Nb1d2 Rf8e8
9.Nd2b3 dxe4
10.Ng3xe4 Nf6xe4
11.fxe4 Be7g5
12.O-O Bg5xc1
13.Nb3xc1 Bc8e6
14.Be2f3 Nc6e7
15.Nc1e2 Ne7g6
16.g3 Be6h3
17.Bf3g2 Bh3xg2
18.Kxg2 Qd8d6
19.b4 Ra8d8
20.Qd1d2 Qd6xd3
21.Qd2xd3 Rd8xd3
22.c4 Rd3d2
23.Kf2 Re8d8
24.Rf1e1 Rd2b2
25.b5 Rd8d2
26.h4 Rb2xa2
27.Ra1xa2 Rd2xa2
28.Kf3 Ra2c2
29.Re1c1 Rc2d2
30.Ke3 Rd2b2
31.h5 Ng6e7
32.Ne2c3 f6
33.Nc3a4 Rb2b3
34.Kf2 b6
35.Rc1c3 Rb3b1
36.Kg2 Rb1a1
37.Na4b2 Ra1a2
38.Rc3c2 c6
39.Kf3 cxb5
40.cxb5 Kf7
41.g4 g6
42.h6 g5
43.Ke3 Kg6
44.Rc2h2 Ra2a5
45.Nb2c4 Ra5xb5
46.Nc4d6 Rb5b3
47.Kf2 Rb3b2
48.Kg3 Rb2xh2
49.Kxh2 Kxh6
50.Kh3 Ne7c6
51.Nd6c8 b5
52.Nc8d6 b4
53.Nd6f7 Kg7
54.Nf7d6 b3
55.Nd6c4 a5
56.Nc4b2 Kf7
57.Kg3 Nc6d4
58.Kf2 Kg6
59.Ke3 h5
60.Nb2c4 a4
61.Nc4d2 hxg4
62.Kf2 b2
63.Nd2b1 Kh5
64.Ke1 Kh4
65.Kd2 g3
66.Ke1 Kh3
67.Kd2 g2
{ resign }
0-1

[Event "Tourn. n8498"]
[Site "www.chess-mail.com"]
[Date "2016.01.03"]
[Round "1"]
[White "Luban"]
[Black "Neo"]
[WhiteElo "2020"]
[BlackElo "1860"]
[Result "1-0"]
[Round "1"]
1.d4 d5
2.Ng1f3 g6
3.e3 Bf8g7
4.h3 Bc8f5
5.c4 e6
6.Nb1c3 c6
7.Bf1d3 Bf5xd3
8.Qd1xd3 Ng8f6
9.O-O Nf6e4
10.Nc3xe4 dxe4
11.Qd3xe4 O-O
12.Bc1d2 b6
13.Bd2c3 Nb8a6
14.Qe4xc6 Ra8c8
15.Qc6a4 Na6c7
16.b3 a5
17.Ra1d1 Nc7a6
18.Qa4a3 Rf8e8
19.Qa3b2 Na6b4
20.Bc3xb4 axb4
21.Qb2d2 Qd8d6
22.e4 Qd6e7
23.Rf1e1 Re8d8
24.d5 Bg7c3
25.Qd2d3 Bc3xe1
26.Nf3xe1 Rc8a8
27.d6 Qe7b7
28.Qd3c2 Qb7c6
29.e5 Qc6c5
30.Ne1f3 Ra8a7
31.Qc2e2 Qc5c6
32.Nf3d4 Qc6c5
33.Nd4b5 Ra7b7
34.Qe2e4 Rd8b8
35.d7 Qc5e7
36.Qe4xb7 Rb8xb7
37.d8Q Kg7
38.Qd8xe7 Rb7xe7
39.Rd1d6 Re7b7
40.Rd6c6 Rb7b8
41.Rc6c7 Rb8a8
42.Rc7a7 Ra8b8
43.Nb5d6 b5
44.cxb5 Rb8f8
45.Ra7xf7 Rf8xf7
46.Nd6xf7 Kxf7
47.b6 Ke7
48.b7 Kd7
49.b8Q Kc6
50.Qb8d6 { resign }
1-0

[Event "Match"]
[Site "www.echecsemail.com"]
[Date "2016.01.03"]
[Round "1"]
[White "Darknight"]
[Black "Duff"]
[WhiteElo "1620"]
[BlackElo "1740"]
[Result "0-1"]
[Round "1"]
1.e4 c5
2.Bf1c4 Nb8c6
3.c3 Ng8f6
4.d3 d6
5.Qd1f3 Nc6e5
6.Qf3g3 Ne5xc4
7.dxc4 Nf6xe4
8.Qg3f3 Ne4f6
9.h3 g6
10.Bc1e3 Bf8g7
11.Nb1d2 O-O
12.g4 Ra8b8
13.Ng1e2 Bc8d7
14.Rh1h2 Bd7c6
15.Qf3g3 Nf6e4
16.Nd2xe4 Bc6xe4
17.Kd2 Bg7e5
18.Qg3h4 Be5xh2
19.f4 e5
20.g5 exf4
21.Be3xf4 Bh2xf4
22.Qh4xf4 d5
23.cxd5 Qd8xd5
24.Ke1 Rb8d8
25.h4 Rf8e8
26.Kf2 Be4d3
27.Ne2g3 Qd5c4
28.Qf4f6 Qc4xh4
29.Ra1h1 Qh4g4
30.Rh1h2 Rd8d5
31.Ng3h5 Rd5f5
32.Qf6xf5 Qg4xf5
33.Kg2 gxh5
34.Rh2xh5 Re8e2
35.Kg3 Qf5f2
36.Kg4 Re2e4
{ resign }
0-1

[Event "Match"]
[Site "www.echecsemail.com"]
[Date "2016.01.03"]
[Round "1"]
[White "Carlosto"]
[Black "Jeiroa"]
[WhiteElo "1490"]
[BlackElo "1339"]
[Result "0-1"]
[Round "1"]
1.d4 Nb8c6
2.e4 e5
3.c3 exd4
4.cxd4 Qd8f6
5.e5 Qf6f5
6.Bf1d3 Bf8b4
7.Bc1d2 Qf5xd3
8.Bd2xb4 Qd3xd1
9.Kxd1 Nc6xb4
10.Nb1d2 d6
11.Ra1c1 Bc8g4
12.f3 Nb4xa2
13.Rc1xc7 Bg4f5
14.Rc7xb7 dxe5
15.dxe5 Bf5d3
16.Ng1e2 Ra8c8
17.Rb7xa7 Bd3c2
18.Ke1 Na2b4
 { time }
0-1

[Event "Match"]
[Site "www.echecsemail.com"]
[Date "2016.01.03"]
[Round "1"]
[White "Hardland"]
[Black "Dulap"]
[WhiteElo "1720"]
[BlackElo "1810"]
[Result "0-1"]
[Round "1"]
1.c4 Ng8f6
2.Nb1c3 g6
3.Ng1f3 Bf8g7
4.g3 O-O
5.Bf1g2 d6
6.O-O e5
7.d3 Nb8c6
8.a3 Bc8g4
9.b4 a6
10.Bc1d2 Rf8e8
11.h3 Bg4xf3
12.Bg2xf3 Ra8b8
13.Bd2g5 Nc6d4
14.Bf3g2 h6
15.Bg5e3 Nd4f5
16.Be3d2 c6
17.Bg2e4 Nf6xe4
18.Nc3xe4 d5
19.cxd5 cxd5
20.Ne4c5 e4
21.Ra1b1 e3
22.Bd2c1 Bg7d4
 { time }
0-1

[Event "Match"]
[Site "www.echecsemail.com"]
[Date "2016.01.03"]
[Round "1"]
[White "Duff"]
[Black "Caspito"]
[WhiteElo "1720"]
[BlackElo "1740"]
[Result "1-0"]
[Round "1"]
1.e4 e5
2.Ng1f3 Nb8c6
3.Bf1c4 h6
4.d4 d6
5.dxe5 Bc8g4
6.exd6 Bf8xd6
7.O-O Nc6e5
8.Bc4e2 Bg4xf3
9.Be2xf3 Qd8h4
10.h3 O-O-O
11.Qd1e2 Ne5xf3
12.Qe2xf3 Qh4e7
13.Bc1f4 Bd6xf4
14.Qf3xf4 f6
15.Nb1c3 Qe7b4
16.Qf4e3 b6
17.Ra1b1 Ng8e7
18.a3 Qb4a5
19.Rb1a1 Rh8e8
20.b4 Qa5a4
21.Nc3xa4 { resign }
1-0

[Event "Match"]
[Site "www.echecsemail.com"]
[Date "2016.01.03"]
[Round "1"]
[White "Liencam2"]
[Black "Glenno"]
[WhiteElo "2360"]
[BlackElo "2320"]
[Result "0-1"]
[Round "1"]
1.e4 e5
2.Ng1f3 Nb8c6
3.d4 exd4
4.c3 dxc3
5.Bf1c4 Bf8b4
6.O-O cxb2
7.Bc1xb2 Ng8f6
8.Nf3g5 O-O
9.e5 d5
10.exf6 dxc4
11.Qd1h5 h6
12.fxg7 Qd8xg5
13.gxf8Q Kxf8
14.Qh5e2 Bc8e6
15.Nb1c3 Nc6d4
16.Qe2d1 Bb4xc3
17.Bb2xc3 Be6h3
18.g3 Qg5d5
19.f3 Bh3xf1
20.Bc3xd4 Ra8d8
21.Bd4c5 Qd5xc5
{ resign }
0-1

[Event "Match"]
[Site "www.echecsemail.com"]
[Date "2016.01.03"]
[Round "1"]
[White "Pablincho"]
[Black "Vinvangogh"]
[WhiteElo "1860"]
[BlackElo "1590"]
[Result "1-0"]
[Round "1"]
1.e4 e5
2.Ng1f3 Bf8d6
3.Nb1c3 Ng8f6
4.Bf1c4 O-O
5.O-O Bd6c5
6.h3 Nb8c6
7.Nc3a4 Nf6xe4
8.d3 d6
9.dxe4 Nc6d4
10.Bc1e3 Qd8f6
11.Nf3xd4 exd4
12.Be3d2 b5
13.Bc4xb5 Bc8b7
14.Bb5d3 Ra8e8
15.f4 d5
16.Na4xc5 dxe4
17.Nc5xb7 exd3
18.cxd3 Qf6b6
19.Qd1b3 Qb6xb3
20.axb3 Re8e2
21.Bd2b4 Rf8b8
22.Ra1xa7 h6
23.Bb4c5 f6
24.Rf1f2 Re2e3
25.Bc5xd4 Re3e1
26.Kh2 Kf7
27.Bd4c3 Re1d1
28.d4 g5
29.fxg5 hxg5
30.Nb7c5 Kg6
31.Ra7xc7 Rb8f8
32.Nc5e4 f5
33.b4 g4
34.h4 Rf8h8
35.Kg3 Rh8h7
36.Rc7xh7 Kxh7
37.Rf2xf5 Rd1g1
38.Rf5g5 Kh6
39.Rg5xg4 Rg1e1
40.b5 Re1f1
41.Ne4f2 Kh5
42.Rg4g5 Kh6
43.Nf2g4 Kh7
44.b6 Rf1f7
45.d5 Rf7g7
46.Rg5xg7 Kh8
47.Rg7f7 Kg8
48.Ng4h6 { resign }
1-0

[Event "Match"]
[Site "www.echecsemail.com"]
[Date "2016.01.03"]
[Round "1"]
[White "Darknight"]
[Black "Pinehill"]
[WhiteElo "1620"]
[BlackElo "2110"]
[Result "0-1"]
[Round "1"]
1.e4 d5
2.e5 c5
3.d4 Nb8c6
4.c3 Bc8f5
5.a3 e6
6.h4 cxd4
7.cxd4 h5
8.Nb1c3 a6
9.Bc1e3 Bf8e7
10.g3 Qd8c7
11.f4 Ng8h6
12.Bf1e2 Nh6g4
13.Be3d2 Nc6xd4
14.Qd1a4 Nd4c6
15.b4 Qc7b6
16.b5 Qb6f2
17.Kd1 Nc6d4
18.bxa6 b5
19.Nc3xb5 Nd4xe2
20.Ng1xe2 O-O
21.Bd2e1 Ng4e3
22.Kd2 Qf2g2
23.Rh1g1 Ne3f1
24.Kd1 Nf1e3
25.Kd2 Ne3f1
26.Kd1 Qg2f3
27.Be1d2 Nf1xd2
28.Kxd2 Rf8c8
29.a7 Rc8c2
30.Qa4xc2 Bf5xc2
31.Nb5d4 Qf3d3
32.Ke1 Be7xa3
33.Ra1a2 Ba3b4
34.Kf2 Bb4c5
35.Ra2xc2 Bc5xd4
36.Ne2xd4 Qd3xd4
{ resign }
0-1